| 000 | 00787cam a22002533a 4500 | ||
|---|---|---|---|
| 001 | 34269 | ||
| 003 | PGUSA | ||
| 005 | 20140828083735.0 | ||
| 008 | 101110s2010||||xxu|||||s|||||000 p eng d | ||
| 040 |
_aPGUSA _beng |
||
| 042 | _adc | ||
| 050 | 4 | _aU | |
| 050 | 4 | _aPS | |
| 100 | 1 |
_aPlattsburgh Barracks _q(N.Y.) |
|
| 245 | 1 | 0 |
_aRookie rhymes, by the men of the 1st and 2nd provisional training regiments, Plattsburg, New York _h[electronic resource] / _cPlattsburgh Barracks |
| 260 |
_bProject Gutenberg, _c2010 |
||
| 506 | _aPublic domain in the USA. | ||
| 516 | _aElectronic text | ||
| 653 | _aWorld War, 1914-1918 -- Poetry | ||
| 653 | _aAmerican poetry -- Collections | ||
| 830 | 0 |
_aProject Gutenberg _v34269 |
|
| 856 | 4 | 0 | _uhttp://www.gutenberg.org/ebooks/34269 |
| 942 | _cEB | ||
| 999 |
_c263524 _d263524 |
||